000 00482nam a2200205Ia 4500
003 OSt
005 20250703091214.0
008 210210b1997 xxu||||| |||| 00| 0 eng d
040 _cAL
041 _aEnglish
082 _a382.6 BALE
100 _aBalagopal T A S
_957278
245 _aExport management
250 _a11
260 _aBombay
_bHimalaya Publishing House
_c1997
300 _a358p.
690 _aExport Management
_957279
906 _a053398
942 _2ddc
_cBK
999 _c101431
_d101431